Statistics for WWE One Minute Quiz: Dean Ambrose

Click here to take the quiz!

General Stats

  • This quiz has been taken 1,978 times
  • The average score is 3 of 5

Answer Stats

Question Answer % Correct
What Team Was He Recently a Part Of?The Shield
97%
How Old is Dean Ambrose? (October 2014)Twenty-Eight
78%
What Championship Did He Hold?United States
76%
What is His Real Name?Jonathan Good
30%
What is His Nickname?The Lunatic Fringe
29%

Score Distribution

Percentile by Number Answered

Percent of People with Each Score

Your Score History

You have not taken this quiz